<?xml version="1.0" encoding="UTF-8"?>
<marc:record xmlns:marc="http://www.loc.gov/MARC21/slim">
   <marc:leader>00000nam a2200000 a 4500</marc:leader>
   <marc:datafield ind1="1" ind2=" " tag="100">
      <marc:subfield code="a">Worthington, Sam</marc:subfield>
   </marc:datafield>
   <marc:datafield ind1="1" ind2=" " tag="100">
      <marc:subfield code="a">Adams,  Amy</marc:subfield>
   </marc:datafield>
   <marc:datafield ind1="1" ind2=" " tag="100">
      <marc:subfield code="a">Pattinson, Robert</marc:subfield>
   </marc:datafield>
   <marc:datafield ind1="1" ind2=" " tag="100">
      <marc:subfield code="a">Kmetz, Eric</marc:subfield>
   </marc:datafield>
   <marc:datafield ind1="0" ind2="0" tag="245">
      <marc:subfield code="a">Liebe oder lieber doch nicht [Bildtonträger]</marc:subfield>
   </marc:datafield>
   <marc:datafield ind1="0" ind2="0" tag="245">
      <marc:subfield code="c">Drehbuch u. Regie: Eric Kmetz. Darsteller: Robert Pattinson, Amy Adams, Sam Worthington</marc:subfield>
   </marc:datafield>
   <marc:datafield ind1=" " ind2="1" tag="264">
      <marc:subfield code="b">dtp entertainment AG</marc:subfield>
      <marc:subfield code="c">2011</marc:subfield>
   </marc:datafield>
   <marc:datafield ind1="1" ind2=" " tag="520">
      <marc:subfield code="a">In dieser wunderbaren und ergreifenden Romanze im Stil der Hits "Tatsächlich Liebe" und "Valentinstag" wird über die Leidenschaft der Liebe und ihre Nebenwirkungen in all ihren Erscheinungsformen erzählt. In jedem Abschnitt wird der Fokus auf eine Gruppe von schönen jungen Leuten in Schwierigkeiten gelegt. Dieser Film widmet sich dem dunklen Herz von Romanzen, den Geheimnissen, die niemals erzählt werden können und dem Herzschmerz, der dadurch verursacht werden kann. Der Kampf für die Liebe kann niemals einfach sein, wenn man gegen den Sog der Verführung und der Versuchung ankämpfen muss.</marc:subfield>
   </marc:datafield>
   <marc:datafield ind1=" " ind2=" " tag="500">
      <marc:subfield code="a">Deutsch. FSK ab 12 Jahren</marc:subfield>
   </marc:datafield>
   <marc:datafield ind1="0" ind2=" " tag="490">
      <marc:subfield code="v">0</marc:subfield>
   </marc:datafield>
   <marc:datafield ind1=" " ind2=" " tag="300">
      <marc:subfield code="a">1 DVD (94 Min., Ländercode 2): farbig</marc:subfield>
   </marc:datafield>
</marc:record>
